Un maître d’apprentissage (notice n° 1591822)

détails MARC
000 -LEADER
fixed length control field 00977cam a2200205 4500500
005 - DATE AND TIME OF LATEST TRANSACTION
control field 20251228065556.0
041 ## - LANGUAGE CODE
Language code of text/sound track or separate title fre
042 ## - AUTHENTICATION CODE
Authentication code dc
100 10 - MAIN ENTRY--PERSONAL NAME
Personal name Ruchaud, Anaïs
Relator term author
245 00 - TITLE STATEMENT
Title Un maître d’apprentissage
260 ## - PUBLICATION, DISTRIBUTION, ETC.
Date of publication, distribution, etc. 2020.<br/>
500 ## - GENERAL NOTE
General note 90
520 ## - SUMMARY, ETC.
Summary, etc. Ethan est un jeune homme de 17 ans qui vient rencontrer une psychologue suite à un passage à l’acte. En difficulté pour subjectiver, les entretiens psychologiques se font plutôt sur le mode de la conversation autour de ses centres d’intérêt. Sa passion pour l’électricité semble l’aider à tenir à distance un réel très cru et un Autre qui jouit, pour Ethan.
690 ## - LOCAL SUBJECT ADDED ENTRY--TOPICAL TERM (OCLC, RLIN)
Topical term or geographic name as entry element adolescence
690 ## - LOCAL SUBJECT ADDED ENTRY--TOPICAL TERM (OCLC, RLIN)
Topical term or geographic name as entry element Passage à l’acte
690 ## - LOCAL SUBJECT ADDED ENTRY--TOPICAL TERM (OCLC, RLIN)
Topical term or geographic name as entry element passion
690 ## - LOCAL SUBJECT ADDED ENTRY--TOPICAL TERM (OCLC, RLIN)
Topical term or geographic name as entry element réel
786 0# - DATA SOURCE ENTRY
Note VST - Vie sociale et traitements | 147 | 3 | 2020-07-28 | p. 92-94 | 0396-8669
856 41 - ELECTRONIC LOCATION AND ACCESS
Uniform Resource Identifier <a href="https://shs.cairn.info/revue-vie-sociale-et-traitements-2020-3-page-92?lang=fr&redirect-ssocas=7080">https://shs.cairn.info/revue-vie-sociale-et-traitements-2020-3-page-92?lang=fr&redirect-ssocas=7080</a>

Pas d'exemplaire disponible.

PLUDOC

PLUDOC est la plateforme unique et centralisée de gestion des bibliothèques physiques et numériques de Guinée administré par le CEDUST. Elle est la plus grande base de données de ressources documentaires pour les Étudiants, Enseignants chercheurs et Chercheurs de Guinée.

Adresse

627 919 101/664 919 101

25 boulevard du commerce
Kaloum, Conakry, Guinée

Réseaux sociaux

Powered by Netsen Group @ 2025